La Galicia del año 2000 / (Registro nro. 18640)

Detalles MARC
000 -LEADER
campo de control de longitud fija 01125nam a2200313 i 4500
001 - NÚMERO DE CONTROL
campo de control 18640
003 - IDENTIFICADOR DE NÚMERO DE CONTROL
campo de control ES-MaACL
005 - FECHA Y HORA DE LA ÚLTIMA TRANSACCIÓN
campo de control 20250505180652.0
007 - CAMPO FIJO DE DESCRIPCIÓN FÍSICA--INFORMACIÓN GENERAL
campo de control de longitud fija t|
008 - DATOS DE LONGITUD FIJA--INFORMACIÓN GENERAL
campo de control de longitud fija 020218s1993 sp ||||0| spa j
020 ## - NÚMERO INTERNACIONAL ESTÁNDAR DEL LIBRO
Número Internacional Estándar del Libro 84-88306-03-2
040 ## - FUENTE DE CATALOGACIÓN
Centro catalogador/agencia de origen M-BN
Lengua de catalogación spa
Centro/agencia transcriptor M-BN
080 ## - NÚMERO DE LA CLASIFICACIÓN DECIMAL UNIVERSAL
Número de la Clasificación Decimal Universal 32(460.11)"1990/..."
080 ## - NÚMERO DE LA CLASIFICACIÓN DECIMAL UNIVERSAL
Número de la Clasificación Decimal Universal 342.25(460.11)"1981"(094.5)
245 03 - MENCIÓN DEL TÍTULO
Título La Galicia del año 2000 /
Mención de responsabilidad, etc. Manuel Fraga Iribarne ... [et al.].
260 ## - PUBLICACIÓN, DISTRIBUCIÓN, ETC.
Lugar de publicación, distribución, etc. Madrid :
Nombre del editor, distribuidor, etc. Fundación Cánovas del Castillo,
Fecha de publicación, distribución, etc. D.L. 1993.
300 ## - DESCRIPCIÓN FÍSICA
Extensión 198 p ;
Dimensiones 21 cm.
490 1# - MENCIÓN DE SERIE
Mención de serie Veintiuno
500 ## - NOTA GENERAL
Nota general Incluye (p. 127-191): Estatuto de autonomía de Galicia / comentado por Enrique Orduña Rebollo.
610 17 - PUNTO DE ACCESO ADICIONAL DE MATERIA--NOMBRE DE ENTIDAD CORPORATIVA
Nombre de entidad corporativa o nombre de jurisdicción como elemento de entrada Galicia.
Título de la obra Estatuto de autonomía, 1981.
9 (RLIN) 4459
651 #4 - PUNTO DE ACCESO ADICIONAL DE MATERIA--NOMBRE GEOGRÁFICO
Nombre geográfico Galicia-
Subdivisión general Política y gobierno-
Subdivisión cronológica 1990-
9 (RLIN) 8736
700 1# - ENTRADA AGREGADA--NOMBRE PERSONAL
Nombre de persona Fraga Iribarne, Manuel,
Fechas asociadas al nombre 1922-2012
9 (RLIN) 193721
700 1# - ENTRADA AGREGADA--NOMBRE PERSONAL
Nombre de persona Orduña Rebollo, Enrique.
9 (RLIN) 87213
710 1# - ENTRADA AGREGADA--NOMBRE DE ENTIDAD CORPORATIVA
Nombre de entidad corporativa o nombre de jurisdicción como elemento de entrada Galicia.
Título de la obra Estatuto de autonomía, 1981.
9 (RLIN) 4459
710 2# - ENTRADA AGREGADA--NOMBRE DE ENTIDAD CORPORATIVA
Nombre de entidad corporativa o nombre de jurisdicción como elemento de entrada Fundación Cánovas del Castillo.
9 (RLIN) 4244
830 0# - PUNTO DE ACCESO ADICIONAL DE SERIE-TÍTULO UNIFORME
Título uniforme Veintiuno
9 (RLIN) 180481
852 ## - LOCALIZACIÓN
Ubicación ES-MaACL
Número de control de estantería L-25215
Sublocalización o colección R.130744
Existencias
Estatus retirado Estado de pérdida Estado de daño No para préstamo Biblioteca de origen Biblioteca actual Ubicación en estantería Fecha de adquisición Fuente de adquisición Total de préstamos Signatura topográfica completa Código de barras Visto por última vez Precio de reemplazo Tipo de ítem Koha
        Biblioteca del Ateneo de Madrid Biblioteca del Ateneo de Madrid Depósito 2 17/01/2008     L-25215 1019074 23/02/2023 23/02/2023 Libro impreso